| 000 | 00701nam a2200205 i 4500 | ||
|---|---|---|---|
| 001 | 100355 | ||
| 003 | ES-MaACL | ||
| 005 | 20230906182647.0 | ||
| 007 | t| | ||
| 008 | 050926s1977 sp ||||1| spa d | ||
| 245 | 0 | 0 |
_aMarxismo y clases sociales / _cJean-Marie Vincent, Catherine Colliot-Thélène, Daniel Bensaid; [traducción: Edmundo Espina]. |
| 260 |
_aBarcelona : _bFontamara, _c1977. |
||
| 300 |
_a191 p. ; _c19 cm. |
||
| 490 | 1 |
_aCrítica de la economía política ; _v4 |
|
| 700 | 1 |
_aVincent, Jean-Marie. _9115309 |
|
| 700 | 1 |
_aEspina, Edmundo. _947835 |
|
| 830 | 0 |
_aCrítica de la economía política ; _v4 _9182123 |
|
| 852 |
_aES-MaACL _jA-7664 _bR.96748 |
||
| 999 |
_c100355 _d100355 |
||